British Military Leaders: First Names - Statistics

General Stats
  • This quiz has been taken 50 times
  • The average score is 4 of 12
Answer Stats
Surname First Name % Correct
Cromwell Oliver
90%
Nelson Horatio
83%
Wellesley Arthur
64%
Montgomery Bernard
60%
Hague Douglas
31%
Napier Charles
29%
Churchill John
24%
Rawlinson Henry
21%
Slim William
17%
Allenby Edmund
12%
Raglan James
0%
Cardigan James
0%
No matching quizzes found
Score Distribution
Percent of People with Each Score
Percentile by Number Answered
Your Score History
You have not taken this quiz